Accredited higher institutions. (Record no. 20839)
[ view plain ]
| 000 -LEADER | |
|---|---|
| fixed length control field | 01695cam a22003251 4500 |
| 001 - CONTROL NUMBER | |
| control field | e 26000332 |
| 003 - CONTROL NUMBER IDENTIFIER | |
| control field | DLC |
| 005 - DATE AND TIME OF LATEST TRANSACTION | |
| control field | 20260227111217.0 |
| 008 - FIXED-LENGTH DATA ELEMENTS--GENERAL INFORMATION | |
| fixed length control field | 771129s1917 dcu f000 0 eng c |
| 010 ## - LIBRARY OF CONGRESS CONTROL NUMBER | |
| LC control number | e 26000332 |
| 035 ## - SYSTEM CONTROL NUMBER | |
| System control number | (OCoLC)3452350 |
| 040 ## - CATALOGING SOURCE | |
| Original cataloging agency | U.S. Office of Education. Library |
| Transcribing agency | DNIE |
| Modifying agency | OCoLC |
| -- | DLC |
| 050 00 - LIBRARY OF CONGRESS CALL NUMBER | |
| Classification number | L111 |
| Item number | .A6 subser. |
| 051 ## - LIBRARY OF CONGRESS COPY, ISSUE, OFFPRINT STATEMENT | |
| Classification number | LA226 |
| Item number | .A26 |
| Copy information | 2nd set. |
| 051 ## - LIBRARY OF CONGRESS COPY, ISSUE, OFFPRINT STATEMENT | |
| Classification number | LA226 |
| Item number | .A26 Changes |
| 110 2# - MAIN ENTRY--CORPORATE NAME | |
| Corporate name or jurisdiction name as entry element | United States. |
| Subordinate unit | Office of Education. |
| 245 10 - TITLE STATEMENT | |
| Title | Accredited higher institutions. |
| 260 ## - PUBLICATION, DISTRIBUTION, ETC. | |
| Place of publication, distribution, etc. | Washington, |
| Name of publisher, distributor, etc. | U.S. Govt. Print. Off., |
| Date of publication, distribution, etc. | 1917- |
| 300 ## - PHYSICAL DESCRIPTION | |
| Extent | v. |
| Dimensions | 25 cm. |
| 490 1# - SERIES STATEMENT | |
| Series statement | Bulletin, 1917, no. 17; 1922, no. 30; 1926, no. 10; 1927, no. 41; 1929, no. 7; 1930, no. 19; 1934, no. 16, etc. |
| 500 ## - GENERAL NOTE | |
| General note | At head of title, 1917- : Dept. of the interior. Bureau of education. 1929/30- : United States. Dept. of the interior... Office of education... |
| 500 ## - GENERAL NOTE | |
| General note | Bulletin, 1917, by S.P.Capen; 1922, by G.F. Zook; 1926- by Ella B. Ratcliffe. |
| 500 ## - GENERAL NOTE | |
| General note | Supplemented by: "Changes in the accredited lists of national and regional associations, 1930-[1933] ..." (3 v. ; 24 cm.) Published: [Washington, 1931-1933] (Bulletin, 1930, no. 19. Supplement no. 1-3) At head of title: United States Dept. of the Interior. Office of Education ... Reproduced from type-written copy. Title varies slightly. Call number: LA226.A26 Changes. |
| 500 ## - GENERAL NOTE | |
| General note | Serial. |
| 650 #0 - SUBJECT ADDED ENTRY--TOPICAL TERM | |
| Topical term or geographic name entry element | Universities and colleges |
| Geographic subdivision | United States. |
| 700 1# - ADDED ENTRY--PERSONAL NAME | |
| Personal name | Capen, Samuel Paul, |
| Dates associated with a name | 1878-1956. |
| 700 1# - ADDED ENTRY--PERSONAL NAME | |
| Personal name | Zook, George Frederick, |
| Dates associated with a name | 1885-1951. |
| 700 1# - ADDED ENTRY--PERSONAL NAME | |
| Personal name | Ratcliffe, Ella B. |
| Fuller form of name | (Ella Burgess) |
| 810 1# - SERIES ADDED ENTRY--CORPORATE NAME | |
| Corporate name or jurisdiction name as entry element | United States. |
| Subordinate unit | Office of Education. |
| Title of a work | Bulletin 1917 ; |
| Volume/sequential designation | no. 17, etc. |
No items available.